Normal view
MARC view
Entry Topical Term
001 - CONTROL NUMBER
- control field: 35562
003 - CONTROL NUMBER IDENTIFIER
- control field: dpl
005 - DATE AND TIME OF LATEST TRANSACTION
- control field: 20111018105954.0
008 - FIXED-LENGTH DATA ELEMENTS
- fixed length control field: 111018|||a|||||| | ||| d
040 ## - CATALOGING SOURCE
- Original cataloging agency: dpl
- Transcribing agency: dpl
150 ## - HEADING--TOPICAL TERM
- Topical term or geographic name as entry element: मराठी कादंबरी
670 ## - SOURCE DATA FOUND
- Source citation: Work cat.: (dpl): 34729 कुलकर्णी,भास्कर, तामर /, 2007
670 ## - SOURCE DATA FOUND
- Source citation: Work cat.: (dpl): 34729 कुलकर्णी,भास्कर, तामर /, 2007
